| 000 | 00759nam a2200265Ia 4500 | ||
|---|---|---|---|
| 003 | OSt | ||
| 005 | 20220924120318.0 | ||
| 006 | a|||||r|||| 00| 0 | ||
| 007 | ta | ||
| 008 | 220923b |||||||| |||| 00| 0 urd d | ||
| 020 | _c35 | ||
| 024 | _a321263 | ||
| 037 | _cTextual | ||
| 040 |
_aARTS _cARTS _burd |
||
| 041 |
_2urd _aurd |
||
| 082 | _aQ7xN03,7, 168M3 | ||
| 100 |
_aQutub Mohammad Au. _9174013 |
||
| 245 | 0 | _aIslam aur jadeed madi afkar | |
| 260 |
_aDelhi _bMarkazi maktaba Islami India _c1983 |
||
| 300 |
_a459p. _ccm. |
||
| 650 |
_aISLAM _9577 |
||
| 700 |
_a Kandhalvi Sajjad Ahmad Tr. _9181617 |
||
| 942 |
_hQ7xN03,7, 168M3 _cTEXL _2CC |
||
| 999 |
_c402250 _d402250 |
||